000 00869nam a2200241Ia 4500
003 OSt
005 20220927105455.0
006 a|||||r|||| 00| 0
007 ta
008 220926b |||||||| |||| 00| 0 eng d
024 _a169390
037 _cReference Collections
040 _aRTL
_cRTL
_beng
041 _2eng
_aeng
082 _a"V2:438 (X:545) N74 - N69t4, L0/GD"
110 _a"Burma, National Council of Applied Ecpmp,oc research."
_9372785
245 0 _aSurvey of India's export potential with in the Indian Ocean Basin and near by areas
260 _aNew
_bDelhi National council of applied economic research
_c1970
300 _a179p.
_ccm.
700 _a"Burma, National Council of Applied Ecpmp,oc research."
_9372786
942 _h"V2:438 (X:545) N74 - N69t4, L0/GD"
_cCC
999 _c692726
_d692726